Los adolescentes del siglo XXI: los consumos culturales en un mundo de pantallas
Saved in:
| Hovedforfatter: | |
|---|---|
| Format: | Bog |
| Sprog: | spansk |
| Udgivet: |
Ciudad de México
Fondo de Cultura Económica
2013
|
| Udgivelse: | 1a. ed |
| Serier: | Serie Breves, 711
|
| Fag: | |
| Tags: |
Tilføj Tag
Ingen Tags, Vær først til at tagge denne postø!
|
MARC
| LEADER | 00000cam a2200000 a 4500 | ||
|---|---|---|---|
| 001 | UCE9832 | ||
| 003 | CL-VaPUC | ||
| 008 | 151106e20130000mx |||||||||||||||||spa|d | ||
| 020 | |a 9789505579624 | ||
| 082 | 0 | 4 | |a 303.4833 |b MOR |2 21 |
| 100 | |a Morduchowicz, Roxana |e autora |9 582785 | ||
| 245 | 1 | 4 | |a Los adolescentes del siglo XXI: los consumos culturales en un mundo de pantallas |
| 250 | |a 1a. ed | ||
| 300 | |a 110 p | ||
| 942 | |c BK | ||
| 945 | |d 20151106 14:16:00 |a arojas | ||
| 260 | |a Ciudad de México |b Fondo de Cultura Económica |c 2013 | ||
| 650 | 0 | |a Jóvenes |9 326981 | |
| 650 | 0 | |a Teléfonos móviles |9 577925 | |
| 650 | 0 | |a Medios de comunicación de masas |9 257273 | |
| 650 | 7 | |a CONSUMO CULTURAL |2 CL-VaPUC |9 582786 | |
| 583 | |a last modification |c 20151106 14:16:00 |k Rodrigo Vera | ||
| 490 | 0 | |a Serie Breves, 711 | |
| 999 | |c 361475 |d 361473 | ||
| 952 | |0 0 |1 0 |3 erb |4 0 |6 303_483300000000000_MOR_2013 |7 0 |8 A |9 472036 |a BIBEDU |b BIBEDU |i 5247160 |o 303.4833 MOR 2013 |p 5247160 |r 2019-11-24 |w 2019-11-24 |y BK |z Catalogado en:20151106 |k LIT | ||